Name a 24-25 Premier League Player by Nationality - Statistics

General Stats
  • This quiz has been taken 313 times
  • The average score is 37 of 63
Answers on the Map
Answers color-coded by a green-red scale on the quiz's map according to % correct below.
 
Answer Stats
Hint Answer % Correct
Portugal Ricardo Pereira | Rúben Dias | Diogo Dalot | Nélson Semedo | Toti Gomes | Diogo Jota | Youssef Chermiti | Jota Silva | Gonçalo Guedes | Rodrigo Gomes | Carlos Forbs | João Virgínia | José Sá | Fábio Carvalho | Bernardo Silva | Matheus Nunes | Bruno Fernandes | Mateus Fernandes | Pedro Neto
95%
Norway Kristoffer Ajer | Erling Haaland | Jørgen Strand Larsen | Martin Ødegaard | Sander Berge | Oscar Bobb
94%
Egypt Mohamed Salah | Omar Marmoush | Sam Morsy
91%
South Korea Hwang Hee-Chan | Kim Ji-Soo | Son Heung-Min
89%
Argentina Marcos Senesi | Julio Soler | Lisandro Martínez | Cristian Romero | Alejandro Garnacho | Emiliano Martínez | Alexis Mac Allister | Carlos Alcaraz | Facundo Buonanotte | Claudio Echeverri | Nicolás Domínguez | Guido Rodríguez | Enzo Fernández
89%
Brazil Gabriel Magalhães | Igor Julio | Vitor Reis | Murillo | Morato | Welington | Pedro Lima | Gabriel Jesus | Gabriel Martinelli | Evanilson | Igor Thiago | Gustavo Nunes | João Pedro | Matheus França | Rodrigo Muniz | Carlos Vinícius | Willian | Savinho | Richarlison | Luis Guilherme | Matheus Cunha | Alisson Becker | Neto | Ederson | Carlos Miguel | Andreas Pereira | Casemiro | Bruno Guimarães | Joelinton | Danilo | Lucas Paquetá | João Gomes | André
88%
Belgium Timothy Castagne | Wout Faes | Leandro Trossard | Jérémy Doku | Matz Sels | Youri Tielemans | Amadou Onana | Orel Mangala | Kevin De Bruyne | Roméo Lavia
88%
Spain Pau Torres | Andrés García | Dean Huijsen | Jorge Cuenca | Álex Moreno | Juan Larios | Sergio Reguilón | Pedro Porro | Marco Asensio | Adama Traoré | David Raya | Kepa | Mikel Merino | Rodri | Nico González | Carlos Soler | Pablo Sarabia | Robert Sánchez | Marc Cucurella | Marc Guiu
87%
Netherlands Virgil van Dijk | Jurriën Timber | Ian Maatsen | Lamare Bogarde | Sepp van den Berg | Jan Paul van Hecke | Joël Veltman | Kenny Tete | Nathan Aké | Matthijs de Ligt | Sven Botman | Micky van de Ven | Cody Gakpo | Ismeal Kabia | Donyell Malen | Justin Kluivert | Martin Sherif | Joshua Zirkzee | Crysencio Summerville | Mark Flekken | Bart Verbruggen | Lize Kop | Ryan Gravenberch | Salah-Eddine Oulad M'hand | Mats Wieffe
85%
Denmark Joachim Andersen | Jannik Vestergaard | Patrick Dorgu | Rasmus Højlund | Chido Obi | William Osula | Mads Hermansen | Daniel Iversen | Christian Nørgaard | Mathias Jensen | Mikkel Damsgaard | Matt O'Riley | Jesper Lindstrøm | Christian Eriksen | Albert Grønbæk | Filip Jørgensen
84%
Ukraine Oleksandr Zinchenko | Illia Zabarnyi | Vitalii Mykolenko | Yehor Yarmoliuk | Mykhailo Mudryk
82%
Scotland Andy Robertson | Kieran Tierney | Aaron Hickey | Nathan Patterson | George Hirst | Ross Stewart | Callan McKenna | Cieran Slicker | John McGinn | Aidan Borland | Ryan Christie | Luke Butterfield | Tom Cairney | Ryan Fraser
79%
Croatia (Man City) Josko Gvardiol | Mateo Kovacic
79%
Sweden Victor Lindelöf | Emil Krafth | Alexander Isak | Anthony Elanga | Robin Olsen | Yasin Ayari | Jens Cajuste | Dejan Kulusevski | Lucas Bergvall | Genesis Antwi
79%
France Ibrahima Konaté | William Saliba | Lucas Digne | Axel Disasi | Maxence Lacroix | Issa Diop | Woyo Coulibaly | Leny Yoro | Joachim Kayi-Sanda | Jean-Clair Todibo | Bastien Meupiyou | Georginio Rutter | Jean-Philippe Mateta | Odsonne Édouard | Wilson Odobert | Mathys Tel | Alphonse Areola | Boubacar Kamara | Boubakary Soumaré | Lesley Ugochukwu | Jean-Ricner Bellegarde | Benoît Badiashile | Malo Gusto | Wesley Fofana | Christopher Nkunku | Mathis Amougou
78%
Hungary (Liverpool) Milos Kerkez | Dominik Szoboszlai
78%
Germany Armel Bella-Kotchap | Kai Havertz | Coby Ebere | Eric da Silva Moreira | Timo Werner | Niclas Füllkrug | Bernd Leno | Steven Benda | Stefan Ortega | Kevin Schade | Vitaly Janelt | Brajan Gruda | Ilkay Gündogan
76%
Japan Takehiro Tomiyasu | Yukinari Sugawara | Rento Takaoka | Wataru Endo | Kaoru Mitoma | Daichi Kamada
76%
Ecuador (Chelsea) Moisés Caicedo | Pervis Estupiñán
75%
Italy Riccardo Calafiori | Michael Kayode | Caleb Okoli | Destiny Udogie | Emerson | Federico Chiesa | Guglielmo Vicario | Jorginho | Sandro Tonali
75%
Wales Brayden Clarke | Thierry Katsukunya | Neco Williams | Ben Davies | Iwan Morgan | Wes Burns | Nathan Broadhead | Brennan Johnson | Danny Ward | Wayne Hennessey | Tom King | David Brooks | Harry Wilson | Eddie Beach
73%
Cameroon André Onana | Bryan Mbeumo | Carlos Baleba
71%
New Zealand (Forest) Chris Wood
71%
Ghana Tariq Lamptey | Antoine Semenyo | Abdul Fatawu | Jordan Ayew | Thomas Partey | Kamaldeen Sulemana | Mohammed Kudus
71%
Uzbekistan (Man City) Abdukodir Khusanov
68%
Switzerland (Man City) Manuel Akanji | Fabian Schär
68%
Jamaica Ethan Pinnock | Dante Cassanova | Bobby De Cordova-Reid | Michail Antonio | Leon Bailey
66%
Uruguay Santiago Bueno | Darwin Núñez | Manuel Ugarte | Rodrigo Bentancur
66%
Senegal Ismaïla Sarr | Iliman Ndiaye | Idrissa Gueye | Pape Sarr | Nicolas Jackson
64%
Mexico Julián Araujo | Raúl Jiménez | Edson Álvarez
64%
Colombia Daniel Muñoz | Yerson Mosquera | Luis Díaz | Luis Sinisterra | Alexei Rojas | Jefferson Lerma
63%
Poland Jakub Kiwior | Matty Cash | Jan Bednarek | Oliwier Zych | Jakub Stolarczyk | Hubert Graczyk | Lukasz Fabianski
63%
United States Matai Akinmboni | Chris Richards | Antonee Robinson | Julian Eyestone | Matt Turner | Tyler Adams | Gabriel Slonina
63%
Albania (Everton) Armando Broja
59%
Ireland Nathan Collins | Jacob Slater | Eiran Cashin | Séamus Coleman | Jake O'Brien | Dara O'Shea | Ryan Manning | Matt Doherty | Trent Koné-Doherty | Franco Umeh-Chibueze | Chiedozie Ogbene | Evan Ferguson | Nathan Fraser | Caoimhín Kelleher | Killian Cahill | Gavin Bazunu | Jack Henry-Francis | Jack Taylor | Sam Szmodics | Kasey McAteer | Jack Moorhouse | Will Smallbone | Romeo Akachukwu
59%
Nigeria Benjamin Fredrick | Calvin Bassey | Ola Aina | Alex Iwobi | Taiwo Awoniyi | Paul Onuachu | Wilfred Ndidi | Joe Aribo
55%
Greece Konstantinos Mavropanos | Kostas Tsimikas | Odysseas Vlachodimos
55%
Romania (Spurs) Radu Dragusin
54%
Algeria (Wolves) Rayan Aït-Nouri
54%
Czechia Vladimír Coufal | Vítezslav Jaros | Antonín Kinsky | Tomás Soucek
54%
Mali Cheick Doucouré | Abdoulaye Doucouré | Sékou Koné | Yves Bissouma | Boubacar Traoré
53%
Northern Ireland Conor Bradley | Jonny Evans | Jamal Lewis | Dermot Mee | William Murdock | Kieran Morrison | Justin Devenny
53%
DR Congo (Brentford) Axel Tuanzebe | Yoane Wissa
52%
Serbia (Forest) Nikola Milenkovic | Sasa Lukic
49%
Slovakia (Newcastle) Martin Dúbravka
47%
Cote D’Ivoire Willy-Arnaud Boly | Emmanuel Agbadou | Simon Adingra | Amad Diallo | Ibrahim Sangaré | David Datro Fofana
45%
Austria (Spurs) Kevin Danso | Sasa Kalajdzic
43%
Zambia (Leicester) Patson Daka
43%
Türkiye Enes Ünal | Altay Bayindir | Yunus Konak | Ferdi Kadioglu
39%
Morocco Chadi Riad | Noussair Mazraoui | Bilal El Khannouss
38%
Paraguay Ramón Sosa | Enso González | Diego Gómez | Julio Enciso
37%
Gambia (Brighton) Yankuba Minteh
36%
Burkina Faso (Bournemouth) Nasser Djiga | Dango Ouattara
34%
Kosovo (Ipswich) Arijanet Muric
29%
Guinea-Bissau (Everton) Beto
29%
Bosnia and Herzegovina (Everton) Asmir Begovic
24%
Australia Cameron Burgess | Harry Souttar | Massimo Luongo
17%
Finland (Chelsea) Lucas Bergström
17%
Canada (Bournemouth) Daniel Jebbison | Tom McGill
15%
Zimbabwe (Wolves) Isaac Mabaya | Marshall Munetsi
14%
Iceland (Brentford) Hákon Valdimarsson
13%
Sierra Leone (Palace) Hindolo Mustapha
2%
Slovenia (Everton) Zan-Luk Leban
2%
No matching quizzes found
Score Distribution
Percent of People with Each Score
Percentile by Number Answered
Your Score History
You have not taken this quiz